Tài chính dành cho những nhà quản lý không chuyên Finance for nonfinancial managers

Gồm 24 bài học giúp các nhà quản lí không chuyên về tài chính, những người chủ doanh nghiệp nắm bắt được những điểm cốt lõi trong những vấn đề quản trị tài chính

Gorde:
Xehetasun bibliografikoak
Egile nagusia: Wagner, Katherine
Beste egile batzuk: Nguyễn, Vĩnh Trung
Formatua: Liburua
Hizkuntza:Undetermined
Argitaratua: Tp. Hồ Chí Minh Tổng hợp Tp. Hồ Chí Minh 2008
Gaiak:
Sarrera elektronikoa:http://lrc.tdmu.edu.vn/opac/search/detail.asp?aID=2&ID=22656
Etiketak: Etiketa erantsi
Etiketarik gabe, Izan zaitez lehena erregistro honi etiketa jartzen!
Thư viện lưu trữ: Trung tâm Học liệu Trường Đại học Thủ Dầu Một
LEADER 01117nam a2200229Ia 4500
001 TDMU_22656
008 210410s9999 xx 000 0 und d
082 |a 658.15 
090 |b W102 
100 |a Wagner, Katherine 
245 0 |a Tài chính dành cho những nhà quản lý không chuyên 
245 0 |b Finance for nonfinancial managers 
245 0 |c Katherine Wagner ; Nguyễn Vĩnh Trung (dịch) ; Nguyễn Xuân Xanh (hiệu đính) 
260 |a Tp. Hồ Chí Minh 
260 |b Tổng hợp Tp. Hồ Chí Minh 
260 |c 2008 
300 |a 70 tr. 
520 |a Gồm 24 bài học giúp các nhà quản lí không chuyên về tài chính, những người chủ doanh nghiệp nắm bắt được những điểm cốt lõi trong những vấn đề quản trị tài chính 
650 |a Kinh tế quản lý; Quản lý  |x Tài chính 
700 |a Nguyễn, Vĩnh Trung 
856 |u http://lrc.tdmu.edu.vn/opac/search/detail.asp?aID=2&ID=22656 
980 |a Trung tâm Học liệu Trường Đại học Thủ Dầu Một